[Event "CRO-CupT final"]
[Site "Sibenik"]
[Date "2015.05.21"]
[Round "2.11"]
[White "Abramovic, Darko"]
[Black "Ivankovic, Ivo"]
[Result "0-1"]
[WhiteElo "2126"]
[BlackElo "2133"]
[PlyCount "93"]
[EventDate "2015.05.20"]
[EventType "team-swiss"]
[EventRounds "6"]
[EventCountry "CRO"]
[SourceTitle "CBM 166 Extra"]
[Source "ChessBase"]
[SourceDate "2015.06.18"]
[SourceVersion "1"]
[SourceVersionDate "2015.06.18"]
[SourceQuality "1"]
[WhiteTeam "Nasice Slavonac"]
[BlackTeam "Dubrovnik"]
[WhiteTeamCountry "CRO"]
[BlackTeamCountry "CRO"]

1. d4 d5 2. Bf4 Nf6 3. e3 c6 4. Bd3 Qb6 5. Qc1 Nbd7 6. h3 g6 7. Nd2 Bg7 8. Ngf3 0-0 9. 0-0 Re8 10. c4 Nf8 11. Qc2 Be6 12. c5 Qd8 13. b4 Qc8 14. b5 cxb5 15. Bxb5 Bd7 16. Rab1 Ne6 17. Bh2 Nd8 18. Ne5 Bxb5 19. Rxb5 Nd7 20. Ndf3 f6 21. Nd3 e6 22. Rfb1 Bf8 23. Qa4 Kf7 24. R5b2 Be7 25. Rc2 Qc6 26. Qb3 a5 27. Nb2 Rc8 28. Rbc1 Qa6 29. Na4 Rc6 30. Nc3 Rg8 31. a4 g5 32. g4 h5 33. Nb5 hxg4 34. hxg4 b6 35. Nc7 Qb7 36. Nxd5 exd5 37. e4 bxc5 38. Qa2 Kg7 39. exd5 Rc8 40. dxc5 Rxc5 41. d6 Rxc2 42. Rxc2 Bxd6 43. Nd4 Bxh2+ 44. Kxh2 Rh8+ 45. Kg3 Qb8+ 46. Kg2 Qh2+ 47. Kf1 0-1

[Event "CRO-chT"]
[Site "Bol"]
[Date "2014.05.18"]
[Round "6.9"]
[White "Plenca, Jadranko"]
[Black "Ivankovic, Ivo"]
[Result "1-0"]
[WhiteElo "2171"]
[BlackElo "2145"]
[PlyCount "73"]
[EventDate "2014.05.14"]
[EventType "team-swiss"]
[EventRounds "6"]
[EventCountry "CRO"]
[SourceTitle "CBM 160 Extra"]
[Source "ChessBase"]
[SourceDate "2014.07.01"]
[SourceVersion "1"]
[SourceVersionDate "2014.07.01"]
[SourceQuality "1"]
[WhiteTeam "Novo Virje Konaki"]
[BlackTeam "Dubrovnik"]
[WhiteTeamCountry "CRO"]
[BlackTeamCountry "CRO"]

1. e4 e6 2. d4 d5 3. Nd2 dxe4 4. Nxe4 Bd7 5. Nf3 Bc6 6. Bd3 Nd7 7. 0-0 Ngf6 8. Nxf6+ Nxf6 9. c3 Qd5 10. h3 Bd6 11. Re1 b5 12. Bg5 Be7 13. Bxf6 Bxf6 14. Be4 Qd6 15. d5 exd5 16. Bxd5+ Kf8 17. Bxc6 Qxc6 18. Qb3 Qc5 19. Rad1 Kg8 20. Rd7 Rf8 21. Re8 Qc4 22. Qxc4 bxc4 23. Rxf8+ Kxf8 24. Rxc7 g6 25. Rxc4 Kg7 26. Kf1 Rb8 27. b3 Rb6 28. Ke2 Ra6 29. a4 Rb6 30. b4 Ra6 31. a5 Re6+ 32. Kd3 a6 33. Rc8 Rd6+ 34. Nd4 h5 35. Rc6 Be7 36. Rxd6 Bxd6 37. b5 1-0

[Event "CRO-chT"]
[Site "Bol"]
[Date "2014.05.17"]
[Round "5.8"]
[White "Ivankovic, Ivo"]
[Black "Susnjar, Miroslav"]
[Result "1/2-1/2"]
[WhiteElo "2145"]
[BlackElo "2210"]
[PlyCount "121"]
[EventDate "2014.05.14"]
[EventType "team-swiss"]
[EventRounds "6"]
[EventCountry "CRO"]
[SourceTitle "CBM 160 Extra"]
[Source "ChessBase"]
[SourceDate "2014.07.01"]
[SourceVersion "1"]
[SourceVersionDate "2014.07.01"]
[SourceQuality "1"]
[WhiteTeam "Dubrovnik"]
[BlackTeam "Osijek"]
[WhiteTeamCountry "CRO"]
[BlackTeamCountry "CRO"]

1. c4 c6 2. g3 d5 3. Bg2 Nf6 4. b3 Bf5 5. Nf3 e6 6. 0-0 Be7 7. d3 h6 8. Ba3 0-0 9. Bxe7 Qxe7 10. Nbd2 e5 11. Re1 Nbd7 12. e4 dxe4 13. dxe4 Bh7 14. Nh4 Nc5 15. Qc2 Rfd8 16. Nf5 Qc7 17. b4 Ne6 18. Nb3 Bxf5 19. exf5 Nd4 20. Nxd4 Rxd4 21. a3 a5 22. Rad1 Rad8 23. Rxd4 Rxd4 24. Qe2 axb4 25. axb4 e4 26. Qc2 c5 27. b5 Qa5 28. Rd1 Qb4 29. Bf1 Qa5 30. Bg2 Qb4 31. Bf1 Kf8 32. Rb1 Qa3 33. Rb3 Qa1 34. Rb1 Qa5 35. Rd1 Qd8 36. Be2 b6 37. h3 h5 38. g4 hxg4 39. hxg4 Qd6 40. g5 Nd7 41. Rxd4 Qxd4 42. Qa2 Ke7 43. Qa8 Qe5 44. Qh8 Qxf5 45. Qxg7 Qg6 46. Qh6 Qxh6 47. gxh6 Kf6 48. Kg2 Ne5 49. Kg3 Kg5 50. h7 Ng6 51. f3 exf3 52. Kxf3 Kh6 53. Ke4 Kxh7 54. Bf1 Kg7 55. Kd5 Kf6 56. Kc6 Ke5 57. Kxb6 Kd6 58. Ka7 Ne7 59. Bg2 f5 60. b6 Nc8+ 61. Ka6 1/2-1/2

[Event "CRO-chT"]
[Site "Bol"]
[Date "2014.05.15"]
[Round "2.12"]
[White "Ghersinich, Giuseppe"]
[Black "Ivankovic, Ivo"]
[Result "0-1"]
[WhiteElo "1918"]
[BlackElo "2145"]
[PlyCount "68"]
[EventDate "2014.05.14"]
[EventType "team-swiss"]
[EventRounds "6"]
[EventCountry "CRO"]
[SourceTitle "CBM 160 Extra"]
[Source "ChessBase"]
[SourceDate "2014.07.01"]
[SourceVersion "1"]
[SourceVersionDate "2014.07.01"]
[SourceQuality "1"]
[WhiteTeam "Porec Gortan"]
[BlackTeam "Dubrovnik"]
[WhiteTeamCountry "CRO"]
[BlackTeamCountry "CRO"]

1. d4 d5 2. c4 c6 3. e3 Nf6 4. Nc3 Bf5 5. Nf3 e6 6. Nh4 Bg4 7. Nf3 Nbd7 8. Be2 Bd6 9. cxd5 exd5 10. h3 Bh5 11. 0-0 0-0 12. Nd2 Bg6 13. f4 h6 14. Nf3 Re8 15. Ne5 Bh7 16. Bd2 Ne4 17. Nxe4 Bxe4 18. Bf3 Nf6 19. Be1 Bxf3 20. gxf3 Nh5 21. Bf2 Qc8 22. Kg2 Qf5 23. Qd3 Rxe5 24. Qb3 Re7 25. Rg1 Bxf4 26. exf4 Nxf4+ 27. Kg3 Qxh3+ 28. Kxf4 g5+ 29. Rxg5+ hxg5+ 30. Kxg5 Qg2+ 31. Kf4 Qxf2 32. Rh1 Qxd4+ 33. Kg3 f5 34. Rh4 Rg7+ 0-1

[Event "CRO-chT2"]
[Site "Bol"]
[Date "2013.09.19"]
[Round "6.5"]
[White "Ivankovic, Ivo"]
[Black "Malenica, Mario"]
[Result "0-1"]
[WhiteElo "2156"]
[BlackElo "2221"]
[PlyCount "82"]
[EventDate "2013.09.14"]
[EventType "team-tourn"]
[EventRounds "9"]
[EventCountry "CRO"]
[SourceTitle "CBM 156 Extra"]
[Source "ChessBase"]
[SourceDate "2013.10.22"]
[SourceVersion "1"]
[SourceVersionDate "2013.10.22"]
[SourceQuality "1"]
[WhiteTeam "Dubrovnik"]
[BlackTeam "Sibenik"]
[WhiteTeamCountry "CRO"]
[BlackTeamCountry "CRO"]

1. c4 g6 2. Nc3 Bg7 3. g3 e5 4. Bg2 Ne7 5. h4 h6 6. b3 0-0 7. Bb2 c6 8. Nf3 d5 9. d3 d4 10. Ne4 f5 11. Ned2 c5 12. Qc2 Nbc6 13. a3 a5 14. Nh2 b6 15. 0-0 Bb7 16. Rae1 Qc7 17. Bc1 Rac8 18. Nb1 Nd8 19. e4 dxe3 20. fxe3 e4 21. dxe4 Qxg3 22. Qf2 Qxf2+ 23. Rxf2 Bxe4 24. Bxe4 fxe4 25. Rxf8+ Kxf8 26. Rf1+ Kg8 27. Nd2 Nf5 28. Rf4 Nf7 29. Nhf1 N7d6 30. Kf2 h5 31. Ke2 Be5 32. Nxe4 Bxf4 33. Nf6+ Kf7 34. Ne8 Kxe8 35. exf4 Nxh4 36. Bb2 a4 37. Kd3 axb3 38. Be5 Nhf5 39. Kc3 b2 40. Nd2 h4 41. Bxd6 h3 0-1

[Event "CRO-chT2"]
[Site "Bol"]
[Date "2013.09.17"]
[Round "4.4"]
[White "Ivankovic, Ivo"]
[Black "Dutina, Dario"]
[Result "1/2-1/2"]
[WhiteElo "2156"]
[BlackElo "2294"]
[PlyCount "138"]
[EventDate "2013.09.14"]
[EventType "team-tourn"]
[EventRounds "9"]
[EventCountry "CRO"]
[SourceTitle "CBM 156 Extra"]
[Source "ChessBase"]
[SourceDate "2013.10.22"]
[SourceVersion "1"]
[SourceVersionDate "2013.10.22"]
[SourceQuality "1"]
[WhiteTeam "Dubrovnik"]
[BlackTeam "Sesvete"]
[WhiteTeamCountry "CRO"]
[BlackTeamCountry "CRO"]

1. c4 e5 2. Nc3 Nf6 3. Nf3 Nc6 4. g3 Bb4 5. Nd5 a5 6. Nxb4 axb4 7. d3 h6 8. Bg2 0-0 9. 0-0 Re8 10. Bd2 d5 11. cxd5 Nxd5 12. Ne1 Be6 13. Nc2 Qd6 14. a3 bxa3 15. Nxa3 Qd7 16. Re1 Nb6 17. Nb5 Rxa1 18. Qxa1 Ra8 19. Qc1 Bd5 20. Qc5 Bxg2 21. Kxg2 Na4 22. Qc4 Nxb2 23. Qb3 Na4 24. Ra1 Nb6 25. Rxa8+ Nxa8 26. Be3 Na5 27. Qb2 Qd5+ 28. f3 c6 29. Nc3 Qb3 30. Qd2 Qb4 31. Qc1 Nc7 32. Ne4 Ne6 33. Bxh6 Nb3 34. Qe3 Qd4 35. g4 f6 36. Kf1 Qxe3 37. Bxe3 Nbd4 38. h4 b5 39. Bc1 Kf7 40. Kf2 c5 41. e3 Nb3 42. Bb2 b4 43. Nd6+ Kf8 44. Nc4 Nd8 45. Ke2 Nc6 46. Kd1 Nba5 47. Nb6 Ke7 48. Kc2 Ke6 49. Ba1 Ne7 50. Na4 Kd5 51. Bb2 Kc6 52. Bc1 Kb5 53. Nb2 Nd5 54. h5 c4 55. dxc4+ Nxc4 56. Nxc4 Kxc4 57. f4 exf4 58. exf4 Kd4 59. g5 fxg5 60. fxg5 Ke4 61. h6 gxh6 62. gxh6 Nf6 63. Kb3 Nh7 64. Kxb4 Kf5 65. Kc5 Kg6 66. Kd6 Nf6 67. Ke7 Ng8+ 68. Kf8 Nxh6 69. Bxh6 Kxh6 1/2-1/2

[Event "CRO-chT2"]
[Site "Bol"]
[Date "2013.09.16"]
[Round "3.3"]
[White "Susak, Zeljko"]
[Black "Ivankovic, Ivo"]
[Result "1/2-1/2"]
[WhiteElo "2187"]
[BlackElo "2156"]
[PlyCount "80"]
[EventDate "2013.09.14"]
[EventType "team-tourn"]
[EventRounds "9"]
[EventCountry "CRO"]
[SourceTitle "CBM 156 Extra"]
[Source "ChessBase"]
[SourceDate "2013.10.22"]
[SourceVersion "1"]
[SourceVersionDate "2013.10.22"]
[SourceQuality "1"]
[WhiteTeam "Split Brda"]
[BlackTeam "Dubrovnik"]
[WhiteTeamCountry "CRO"]
[BlackTeamCountry "CRO"]

1. e4 d5 2. exd5 Qxd5 3. Nc3 Qd8 4. d4 Nf6 5. Bc4 Bf5 6. Bg5 e6 7. Qf3 c6 8. d5 Qe7 9. dxe6 Bxe6 10. Bxe6 Qxe6+ 11. Nge2 Nbd7 12. 0-0-0 0-0-0 13. Nd4 Qc4 14. Nf5 h6 15. Rd4 Qe6 16. Bxf6 Nxf6 17. Rxd8+ Kxd8 18. Rd1+ Kc8 19. Qd3 Nd7 20. Nd4 Qg6 21. Qh3 Bc5 22. Nb3 Bd6 23. f3 Rd8 24. Ne4 Bf4+ 25. Kb1 f5 26. Nec5 Nxc5 27. Rxd8+ Kxd8 28. Nxc5 Qf7 29. Qh4+ Bg5 30. Qd4+ Kc8 31. Qe5 Qd5 32. Qxd5 cxd5 33. Ne6 Bf6 34. Nf4 d4 35. Nd5 Bd8 36. Kc1 Kd7 37. Kd1 Kd6 38. Nf4 g5 39. Nd3 Bc7 40. Ke2 Kd5 1/2-1/2

[Event "CRO-chT2"]
[Site "Bol"]
[Date "2013.09.14"]
[Round "1.4"]
[White "Jovanovic, Milenko"]
[Black "Ivankovic, Ivo"]
[Result "1/2-1/2"]
[WhiteElo "2172"]
[BlackElo "2156"]
[PlyCount "33"]
[EventDate "2013.09.14"]
[EventType "team-tourn"]
[EventRounds "9"]
[EventCountry "CRO"]
[SourceTitle "CBM 156 Extra"]
[Source "ChessBase"]
[SourceDate "2013.10.22"]
[SourceVersion "1"]
[SourceVersionDate "2013.10.22"]
[SourceQuality "1"]
[WhiteTeam "Vukovar Slaven"]
[BlackTeam "Dubrovnik"]
[WhiteTeamCountry "CRO"]
[BlackTeamCountry "CRO"]

1. d4 d5 2. c4 c6 3. cxd5 cxd5 4. Nc3 Nf6 5. Nf3 Nc6 6. Bf4 Bf5 7. e3 e6 8. Bb5 Bd6 9. Ne5 Bxe5 10. Bxe5 0-0 11. Bxc6 bxc6 12. 0-0 Nd7 13. Bg3 Qe7 14. Qa4 Rfc8 15. Rfc1 Nb6 16. Qa6 c5 17. Na4 1/2-1/2

[Event "CRO-chT Cup 22nd"]
[Site "Bol"]
[Date "2013.05.25"]
[Round "5.91"]
[White "Ivankovic, Ivo"]
[Black "Videnova, Iva"]
[Result "1-0"]
[WhiteElo "2139"]
[BlackElo "2316"]
[PlyCount "97"]
[EventDate "2013.05.22"]
[EventType "team"]
[EventRounds "6"]
[EventCountry "CRO"]
[SourceTitle "CBM 154 Extra"]
[Source "ChessBase"]
[SourceDate "2013.06.25"]
[SourceVersion "2"]
[SourceVersionDate "2013.06.25"]
[SourceQuality "1"]
[WhiteTeam "Dubrovnik"]
[BlackTeam "Rijeka Liburnija (W)"]
[WhiteTeamCountry "CRO"]
[BlackTeamCountry "CRO"]

1. b4 c6 2. c4 a5 3. b5 d5 4. e3 Nf6 5. a4 e5 6. Bb2 d4 7. Nf3 Bg4 8. Qb3 Bxf3 9. gxf3 Bb4 10. Bg2 0-0 11. 0-0 Bd6 12. Qc2 c5 13. Qf5 Nbd7 14. d3 g6 15. Qh3 Nh5 16. Nd2 f5 17. f4 Rb8 18. Bd5+ Kg7 19. Nf3 Re8 20. Kh1 Ndf6 21. fxe5 Bxe5 22. Nxe5 Rxe5 23. Bf3 Qd7 24. Rg1 Kf7 25. Qh4 Rd8 26. Qg5 b6 27. Qh6 f4 28. exd4 cxd4 29. Rg5 Rxg5 30. Qxg5 h6 31. Qxh6 Qh3 32. Bxh5 Nxh5 33. Qh7+ Kf6 34. Bxd4+ Rxd4 35. Qh8+ Kf5 36. Qxd4 Qf3+ 37. Kg1 Qg4+ 38. Kf1 Qh3+ 39. Ke1 Qxh2 40. Kd2 Nf6 41. Re1 g5 42. Qxb6 g4 43. Kc3 Qh8 44. Kb3 Qh3 45. Qd4 Qf3 46. b6 g3 47. fxg3 fxg3 48. Qe3 Qg2 49. Rg1 1-0

[Event "CRO Cup 21st"]
[Site "Sibenik"]
[Date "2012.05.20"]
[Round "6.24"]
[White "Loncar, Robert"]
[Black "Ivankovic, Ivo"]
[Result "1/2-1/2"]
[WhiteElo "2396"]
[BlackElo "2133"]
[PlyCount "212"]
[EventDate "2012.05.16"]
[EventType "team-swiss"]
[EventRounds "6"]
[EventCountry "CRO"]
[SourceTitle "CBM 148 Extra"]
[Source "ChessBase"]
[SourceDate "2012.06.22"]
[SourceVersion "1"]
[SourceVersionDate "2012.06.22"]
[SourceQuality "1"]
[WhiteTeam "Zagreb Zagreb"]
[BlackTeam "Dubrovnik"]
[WhiteTeamCountry "CRO"]
[BlackTeamCountry "CRO"]

1. Nf3 c5 2. c4 Nf6 3. Nc3 Nc6 4. e3 d5 5. d4 e6 6. a3 cxd4 7. exd4 Be7 8. Bd3 dxc4 9. Bxc4 0-0 10. 0-0 a6 11. Bg5 h6 12. Be3 b5 13. Ba2 Bb7 14. Rc1 Re8 15. Qd3 Bf8 16. Rfd1 Ne7 17. Ne5 Ned5 18. Bd2 Rc8 19. f3 Nxc3 20. Bxc3 Bd5 21. Bb1 Bb3 22. Re1 Bc4 23. Qc2 Bd5 24. Ng4 Bd6 25. Nxf6+ Qxf6 26. Qh7+ Kf8 27. Be4 g5 28. Bxd5 exd5 29. Qd3 Rxe1+ 30. Rxe1 Re8 31. Rxe8+ Kxe8 32. g3 Qe6 33. Bd2 Be7 34. g4 Bf6 35. Bb4 Kd7 36. Kg2 Bg7 37. b3 Qg6 38. Qxg6 fxg6 39. Bc5 Bf6 40. Kf2 Ke6 41. Ke3 h5 42. h3 Bd8 43. Kd3 Kd7 44. Ba7 Be7 45. Bc5 Bd8 46. Ke3 Ke6 47. a4 Bf6 48. Kd2 Bd8 49. Kc3 Kd7 50. Kb4 Kc6 51. axb5+ axb5 52. Bf8 Bf6 53. Kc3 Bd8 54. Ba3 Ba5+ 55. Kd3 Kd7 56. Bc1 Bd8 57. Be3 Ke6 58. Ke2 Be7 59. Bf2 Bd8 60. Bg3 Bf6 61. Kd3 Bd8 62. Be5 Kd7 63. Ke3 Ke6 64. Bg3 Bf6 65. Kd3 Bd8 66. Be1 Kd7 67. Bb4 Bf6 68. Bf8 Bd8 69. Kc3 Ba5+ 70. Kb2 Bb6 71. Bg7 Bd8 72. Bf8 Bb6 73. Kc3 Ba5+ 74. Bb4 Bd8 75. Kd3 Ke6 76. Bd2 Be7 77. Kc3 Kd7 78. Be1 Kc6 79. Bg3 Bd8 80. Kd3 Kd7 81. Be5 Ke6 82. Ke3 Be7 83. Bb8 Bf6 84. Kd3 Bd8 85. Ba7 Kd7 86. Bc5 Bc7 87. Kd2 Ba5+ 88. Ke2 Ke6 89. Ba3 Bb6 90. Bc1 Bd8 91. Be3 Bf6 92. Kd3 Bd8 93. f4 gxf4 94. Bxf4 hxg4 95. hxg4 Be7 96. Ke3 Kd7 97. Be5 Bg5+ 98. Bf4 Be7 99. Kd3 Bd8 100. Ke2 Be7 101. Kf3 g5 102. Be3 b4 103. Bd2 Kc6 104. Be1 Bd8 105. Bg3 Bf6 106. Be5 Be7 1/2-1/2

[Event "CRO-Cup 20th"]
[Site "Sibenik"]
[Date "2011.05.21"]
[Round "5.43"]
[White "Ivankovic, Ivo"]
[Black "Vitic, Ivan"]
[Result "1/2-1/2"]
[WhiteElo "2127"]
[BlackElo "2323"]
[PlyCount "124"]
[EventDate "2011.05.18"]
[EventType "team-swiss"]
[EventRounds "6"]
[EventCountry "CRO"]
[SourceTitle "CBM 142 Extra"]
[Source "ChessBase"]
[SourceDate "2011.06.27"]
[SourceVersion "1"]
[SourceVersionDate "2011.06.27"]
[SourceQuality "1"]
[WhiteTeam "Dubrovnik"]
[BlackTeam "Osijek"]
[WhiteTeamCountry "CRO"]
[BlackTeamCountry "CRO"]

1. Nf3 Nf6 2. c4 d6 3. Nc3 g6 4. g3 Bg7 5. Bg2 0-0 6. 0-0 e5 7. d3 Nc6 8. Rb1 Bg4 9. h3 Be6 10. b4 h6 11. b5 Nd4 12. Nd2 Qc8 13. e3 Nf5 14. a4 c6 15. Ba3 Rd8 16. Nce4 Ne8 17. a5 a6 18. bxc6 bxc6 19. Rb6 Ne7 20. Kh2 f5 21. Nc3 Ra7 22. Qc2 g5 23. Ne2 h5 24. f4 g4 25. h4 Rc7 26. Rfb1 Ng6 27. Qa4 Bd7 28. Qb3 Ra7 29. Rb8 Qxb8 30. Qxb8 Rxb8 31. Rxb8 Kf7 32. Rb6 Ne7 33. e4 Bh6 34. exf5 Bxf5 35. Ne4 Ke6 36. fxe5 Kxe5 37. d4+ Ke6 38. d5+ Kd7 39. dxc6+ Kc7 40. Rb7+ Rxb7 41. cxb7 Bxe4 42. Bxe4 Be3 43. Nf4 Bxf4 44. gxf4 Ng8 45. Kg3 Ngf6 46. Bg2 Nd7 47. f5 Ne5 48. f6 Nf7 49. Bd5 Nxf6 50. Bxf7 Kxb7 51. Bd5+ Kc7 52. Bg2 Nd7 53. Kf4 Ne5 54. Bd5 Kd7 55. Kg5 g3 56. Kxh5 Nxc4 57. Kg6 Ne3 58. Bf3 g2 59. Bxg2 Nxg2 60. h5 Nf4+ 61. Kg5 Nxh5 62. Kxh5 Kc6 1/2-1/2